| 000 | 00857nam a2200241 i 4500 | ||
|---|---|---|---|
| 001 | 11979 | ||
| 003 | KOSZ 005 | ||
| 005 | 20240405063009.0 | ||
| 008 | 080208s1967 pl f 000 0 pol | ||
| 015 | _aPB 1967/6964 | ||
| 040 |
_aWA N _cKOSZ 005/KK _dKOSZ 005/KK |
||
| 080 | _a008:301 | ||
| 245 | 0 | 0 |
_aCzłowiek w warunkach cywilizacji współczesnej : _bpraca zbiorowa / _cpod red. Wojciecha Pomykało. |
| 260 |
_aWarszawa : _b"Nasza Księgarnia", _c1967. |
||
| 300 |
_a257, [3] s. ; _c23 cm. |
||
| 380 | _aKsiążki. | ||
| 650 | 4 |
_aKultura _y20 w. |
|
| 648 | 4 | _a1901-2000 | |
| 710 | 2 |
_aInstytut Wydawniczy "Nasza Księgarnia" _4pbl. |
|
| 700 | 1 |
_aPomykało, Wojciech _d(1931- ) _eRedakcja |
|
| 856 |
_uhttp://koha.tu.koszalin.pl/cgi-bin/koha/opac-detail.pl?biblionumber=11979 _yKatalog online BPK |
||
| 942 |
_2UKD _cKS |
||
| 999 |
_c11979 _d11979 |
||